Ang Guru: komunikasyon at pananaliksik sa wika at kulturang Pilipino : (Record no. 4457)

MARC details
000 -LEADER
fixed length control field 00918nam a22002297a 4500
003 - CONTROL NUMBER IDENTIFIER
control field OSt
005 - DATE AND TIME OF LATEST TRANSACTION
control field 20250904092806.0
008 - FIXED-LENGTH DATA ELEMENTS--GENERAL INFORMATION
fixed length control field 250904b |||||||| |||| 00| 0 eng d
020 ## - INTERNATIONAL STANDARD BOOK NUMBER
International Standard Book Number 978-621-406-073-3
040 ## - CATALOGING SOURCE
Original cataloging agency DWC-Main Lib
Transcribing agency OC
082 ## - DEWEY DECIMAL CLASSIFICATION NUMBER
Classification number Fil. 499.211 M311a 2016
100 ## - MAIN ENTRY--PERSONAL NAME
Personal name Maranan, Mario H.
245 ## - TITLE STATEMENT
Title Ang Guru: komunikasyon at pananaliksik sa wika at kulturang Pilipino :
Remainder of title batayan sa pamantayang itinakda sa Filipino para sa senior high school/
Statement of responsibility, etc. Mario H. Maranan [and two others]
260 ## - PUBLICATION, DISTRIBUTION, ETC.
Place of publication, distribution, etc. Intramuros Manila, Philippines :
Name of publisher, distributor, etc. Mindshapers Co. Inc.,
Date of publication, distribution, etc. c2016.
300 ## - PHYSICAL DESCRIPTION
Extent viii, 298 pages :
Other physical details illustrations ;
Dimensions 26cm.
504 ## - BIBLIOGRAPHY, ETC. NOTE
Bibliography, etc. note Includes bibliographical references.
650 ## - SUBJECT ADDED ENTRY--TOPICAL TERM
Topical term or geographic name entry element 1. Language and languages-- Study and teaching.
650 ## - SUBJECT ADDED ENTRY--TOPICAL TERM
Topical term or geographic name entry element 2. Filipino language-- Language and teaching.
700 ## - ADDED ENTRY--PERSONAL NAME
Personal name Pesigan, Neriza C.
700 ## - ADDED ENTRY--PERSONAL NAME
Personal name Dungo, Clarisa S.
942 ## - ADDED ENTRY ELEMENTS (KOHA)
Source of classification or shelving scheme Dewey Decimal Classification
Koha item type Book-Filipiniana
Call number prefix Fil.
Suppress in OPAC No
952 ## - LOCATION AND ITEM INFORMATION (KOHA)
--
Holdings
Withdrawn status Lost status Source of classification or shelving scheme Damaged status Not for loan Home library Current library Shelving location Date acquired Source of acquisition Total Checkouts Full call number Barcode Date last seen Copy number Price effective from Koha item type Uniform Resource Identifier
    Dewey Decimal Classification     College Library College Library Filipiniana 06/08/2023 Donation   Fil. 499.211 M311a 2016 CL53790 09/04/2025 c1 09/04/2025 BK - FIL